| 000 | 00835nam a2200157Ia 4500 | ||
|---|---|---|---|
| 005 | 20250415162317.0 | ||
| 008 | 231217s9999 xx 000 0 und d | ||
| 020 | _a9788177228359 | ||
| 082 | _a001.6424JAV KOG;1 | ||
| 100 | _aKogent Solutions Inc. | ||
| 245 | 0 | _aJava server programming Java E E 5 (J2EE1.5) black book JDBC 4.0, servlets 2.5, JSP, JSTL, JSF, Javamail, EJB 3.0, hibernet, Jboss seam, Java EE connector architecture, Java EE design patterns, SOA, Java web services, struts 2, spring 2.5, JAAS, | |
| 260 |
_cNULL _bDreamtech Press _aNew Delhi |
||
| 300 | _axxxi, 1712 | ||
| 650 | _aJava,server,programming,Java,5,(J2EE1.5),black,JDBC,4.0,,servlets,2.5,,JSP,,JSTL,,JSF,,Javamail,,EJB,3.0,,hibernet,,Jboss,seam,,Java,connector,architecture,,Java,patterns,,SOA,,Java,services,,struts,2,,spring,2.5,,JAAS, | ||
| 942 | _cAA | ||
| 999 |
_c185066 _d185066 |
||